المجلة العربية للعلوم والمعلومات/ (رقم التسجيلة. 179243)
[ عرض عادي ]
| 000 -LEADER | |
|---|---|
| fixed length control field | 01089nasaa2200301 i 4500 |
| 003 - EG-GICUS | |
| control field | EG-GICUS |
| 005 - DATE AND TIME OF LATEST TRANSACTION | |
| control field | 20260407110419.0 |
| 008 - FIXED-LENGTH DATA ELEMENTS--GENERAL INFORMATION | |
| fixed length control field | 260407b20032003uuuuti fr p i0 0ara d |
| 022 ## - INTERNATIONAL STANDARD SERIAL NUMBER | |
| International Standard Serial Number | 0330-700X |
| 040 ## - CATALOGING SOURCE | |
| Original cataloging agency | EG-GiCUC |
| Language of cataloging | ara |
| Transcribing agency | EG-GiCUC |
| Description conventions | rda |
| 041 ## - LANGUAGE CODE | |
| Language code of text/sound track or separate title | ara |
| 043 ## - GEOGRAPHIC AREA CODE | |
| Geographic area code | ma----- |
| 049 ## - LOCAL HOLDINGS (OCLC) | |
| Acquisition Source | إشتراك |
| 092 ## - LOCALLY ASSIGNED DEWEY CALL NUMBER (OCLC) | |
| Classification number | 025.065 |
| Item number | A3163 |
| Edition number | 21 |
| 099 ## - LOCAL FREE-TEXT CALL NUMBER (OCLC) | |
| Classification number | 025.065 A3163 |
| 245 02 - TITLE STATEMENT | |
| Title | المجلة العربية للعلوم والمعلومات/ |
| Remainder of title | مجلة علمية نصف سنوية |
| 246 02 - VARYING FORM OF TITLE | |
| Title proper/short title | Arab journal of science and information |
| 264 #1 - PRODUCTION, PUBLICATION, DISTRIBUTION, MANUFACTURE, AND COPYRIGHT NOTICE | |
| Place of production, publication, distribution, manufacture | تونس: |
| Name of producer, publisher, distributor, manufacturer | ؛المنظمة العربية للتربية والثقافة والعلوم |
| Date of production, publication, distribution, manufacture, or copyright notice | 2003- |
| 300 ## - PHYSICAL DESCRIPTION | |
| Extent | مجلد : |
| Other physical details | ايضاحيات ؛ |
| Dimensions | 28 سم |
| 310 ## - CURRENT PUBLICATION FREQUENCY | |
| Current publication frequency | Semi-annual |
| 362 ## - DATES OF PUBLICATION AND/OR SEQUENTIAL DESIGNATION | |
| Dates of publication and/or sequential designation | صدر العدد الاول يونيو 2003 |
| 541 ## - IMMEDIATE SOURCE OF ACQUISITION NOTE | |
| Source of acquisition | إشتراك |
| 588 ## - SOURCE OF DESCRIPTION NOTE | |
| Institution to which field applies | العدد 7 يونيو 2006 |
| 650 #7 - SUBJECT ADDED ENTRY--TOPICAL TERM | |
| Topical term or geographic name entry element | المعلومات،علم |
| Form subdivision | دوريات |
| Source of heading or term | qarmk |
| 710 ## - ADDED ENTRY--CORPORATE NAME | |
| Corporate name or jurisdiction name as entry element | المنظمة العربية للتربية والثقافة والعلوم |
| 905 ## - LOCAL DATA ELEMENT E, LDE (RLIN) | |
| Cataloger | Suzan |
| Reviser | Abeer |
| 942 ## - ADDED ENTRY ELEMENTS (KOHA) | |
| Suppress in OPAC | No |
| Koha item type | Continuing Resources |
| 999 ## - | |
| -- | 179243 |
| -- | 179243 |
| Barcode | Full call number | Home library | Current library | Source of classification or shelving scheme | Copy number | Public note | Koha item type |
|---|---|---|---|---|---|---|---|
| 01030102003006060007 | 025.065 A3163 | المكتبة المركزبة الجديدة - جامعة القاهرة | قاعة الصحف والدوريات - الدور الثالث | Dewey Decimal Classification | n.7 | اشتراك | Continuing Resources |
| 01030102003006120008 | 025.065 A3163 | المكتبة المركزبة الجديدة - جامعة القاهرة | قاعة الصحف والدوريات - الدور الثالث | Dewey Decimal Classification | n.8 | اشتراك | Continuing Resources |